000 00404 a2200181 4500
001 002493
003 OSt
005 20220128141115.0
008
082 _a514
_bM92T
100 1 _aMunkres, James R.
245 1 _aTopology
_cby James R. Munkers
250 _a2nd ed.
260 _aNew Delhi
_bPHI
_c2000
300 _a537p.
653 _aTopology
942 _2ddc
_cBK
999 _c90
_d90